Ecetférgek kimutatása és mennyiségük meghatározása

Elmentve itt :
Bibliográfiai részletek
Szerző: Hazslinszky Bertalan
Dokumentumtípus: Cikk
Megjelent: Műszaki Könyvkiadó Budapest 1959
Sorozat:Élelmiszervizsgálati közlemények 5 No. 4-5
Kulcsszavak:Élelmiszervizsgálat - módszer
Tárgyszavak:
Online Access:http://acta.bibl.u-szeged.hu/81845
LEADER 00938nab a2200253 i 4500
001 acta81845
005 20230928103710.0
008 230928s1959 hu o 0|| hun d
040 |a SZTE Egyetemi Kiadványok Repozitórium  |b hun 
041 |a hun 
041 |a eng 
041 |a ger 
041 |a fre 
041 |a rus 
100 1 |a Hazslinszky Bertalan 
245 1 0 |a Ecetférgek kimutatása és mennyiségük meghatározása  |h [elektronikus dokumentum] /  |c  Hazslinszky Bertalan 
260 |a Műszaki Könyvkiadó  |b Budapest  |c 1959 
300 |a 116-123 
490 0 |a Élelmiszervizsgálati közlemények  |v 5 No. 4-5 
650 4 |a Műszaki és technológiai tudományok 
650 4 |a Egyéb műszaki tudományok és technológiák 
650 4 |a Élelmiszer és italfélék 
695 |a Élelmiszervizsgálat - módszer 
856 4 0 |u http://acta.bibl.u-szeged.hu/81845/1/elelmiszervizsgalati_kozlemenyek_1959_04-05_116-123.pdf  |z Dokumentum-elérés